Identify the Bond film from the Theme’s Opening Line - Statistics

General Stats
  • This quiz has been taken 40 times
  • The average score is 10 of 16
Answer Stats
Hint Film % Correct
This is the endHold your breath and count to ten Skyfall
89%
Nobody does it betterMakes me feel sad for the rest The Spy Who Loved Me
86%
When you were young and your heartWas an open book Live And Let Die
83%
He has a powerful weaponHe charges a million a shot The Man With The Golden Gun
80%
Where are you? Why do you hide?Where is that moonlight trail that leads to your side? Moonraker
71%
If you take a life do you know what you'll give?Odds are you won't like what it is Casino Royale
69%
He always runs while others walk;He acts while other men just talk. Thunderball
69%
See reflections on the waterMore than darkness in the depths Goldeneye
63%
All I wanted was a sweet distraction for an hour or two,Had no intention to do the things we've done. Octopussy
60%
I'm gonna wake up, yes and noI'm gonna kiss some part of Die Another Day
54%
Darling I'm killedI'm in a puddle on the floor Tomorrow Never Dies
54%
Another blinger with the slick trigger finger for Her MajestyAnother one, with the golden tongue, poisoning your fantasy Quantum of Solace
51%
I've been here beforeBut always hit the floor Spectre
51%
Hey driver, where we going?I swear my nerves are showing The Living Daylights
49%
I should've knownI'd leave alone No Time To Die
46%
I know how to hurtI know how to heal The World Is Not Enough
34%
No matching quizzes found
Score Distribution
Percent of People with Each Score
Percentile by Number Answered
Your Score History
You have not taken this quiz